000 00584nam a22001817a 4500
005 20251108164059.0
008 250721s1996 xx 000 0 ara d
082 1 4 _a216,916/فرج
100 1 _aفرج، بسام عطيه إسماعيل
245 1 0 _aالشورى في القرآن و السنة :
_bدراسة موضعية و تحليلية /
264 1 _aبيروت :
_bمؤسسة الرسالة،
_c1996.
300 _a86ص.
650 1 7 _aالأحكام السلطانية
650 1 7 _aالشورى
650 1 7 _aالديمقراطية
942 _2ddc
_cBK
999 _c3124
_d3124